तुफान (Record no. 37570)

MARC details
000 -LEADER
fixed length control field 00497nam a2200181Ia 4500
008 - FIXED-LENGTH DATA ELEMENTS--GENERAL INFORMATION
fixed length control field 090122s9999 xx 000 0 und d
082 ## - DEWEY DECIMAL CLASSIFICATION NUMBER
Item number 13493
Classification number 891.463
100 ## - MAIN ENTRY--PERSONAL NAME
Personal name कदम
Numeration बाबा
245 ## - TITLE STATEMENT
Title तुफान
260 ## - PUBLICATION, DISTRIBUTION, ETC. (IMPRINT)
Name of publisher, distributor, etc दिलीपराज
Date of publication, distribution, etc "4 थी, 2008"
300 ## - PHYSICAL DESCRIPTION
Extent 272
501 ## - WITH NOTE
With note 4257-11/09/2008 दिलीपराज पुणे
600 ## - SUBJECT ADDED ENTRY--PERSONAL NAME
Personal name कदम
630 ## - SUBJECT ADDED ENTRY--UNIFORM TITLE
Uniform title तुफान
700 ## - ADDED ENTRY--PERSONAL NAME
Personal name कदम
730 ## - ADDED ENTRY--UNIFORM TITLE
Uniform title तुफान
942 ## - ADDED ENTRY ELEMENTS (KOHA)
Koha item type Book
Holdings
Withdrawn status Lost status Damaged status Not for loan Home library Current library Date acquired Source of acquisition Cost, normal purchase price Total Checkouts Full call number Barcode Date last seen Copy number Cost, replacement price Price effective from Koha item type
        Dombivali Granthasangrahalaya, Dombivali Dombivali Granthasangrahalaya, Dombivali   4257-11/09/2008 दिलीपराज पुणे 270.00   13493 DOM-13493 01/22/2009 1 270.00 01/22/2009 Book